[Event "ESP-ch FEDC 28th"]
[Site "Ubeda"]
[Date "2019.11.22"]
[Round "4"]
[White "Zanoletty Garcia, David"]
[Black "De Frutos Gargallo, Benito"]
[Result "1/2-1/2"]
[WhiteElo "2007"]
[BlackElo "1861"]
[PlyCount "86"]
[EventDate "2019.11.19"]
[EventType "swiss"]
[EventRounds "8"]
[EventCountry "ESP"]
[SourceTitle "EXT 2024"]
[Source "ChessBase"]
[SourceDate "2023.10.10"]
[SourceVersion "1"]
[SourceVersionDate "2023.10.10"]
[SourceQuality "1"]

1. d4 d5 2. Nf3 Nf6 3. g3 g6 4. Bg2 Bg7 5. b3 0-0 6. Bb2 c5 7. 0-0 cxd4 8. Nbd2 Nc6 9. Nxd4 Bd7 10. c4 Nxd4 11. Bxd4 Bc6 12. Rc1 e6 13. Rc2 dxc4 14. Bxc6 cxb3 15. Nxb3 bxc6 16. Qa1 Nh5 17. Rxc6 Qd7 18. Rc4 Rfc8 19. Rfc1 Rxc4 20. Rxc4 Rc8 21. Rxc8+ Qxc8 22. g4 Bxd4 23. Qxd4 Ng7 24. Qxa7 h5 25. gxh5 Nxh5 26. Qd4 Qa6 27. Qd8+ Kg7 28. Qd2 e5 29. Nc5 Qc4 30. Qe3 Qxa2 31. Qxe5+ Kg8 32. Ne4 Qb1+ 33. Kg2 Qb7 34. f3 Qa6 35. Nd6 Qa2 36. Qe8+ Kg7 37. Qe3 Qd5 38. Ne4 Qf5 39. Ng3 Nf4+ 40. Kf2 Qg5 41. Qd4+ Kg8 42. e3 Ne6 43. Qc4 Qd8 1/2-1/2

[Event "ESP-ch FEDC 26th"]
[Site "Ciudad Real"]
[Date "2017.11.12"]
[Round "1.7"]
[White "Zanoletty Garcia, David"]
[Black "Garcia Cervigon, Juan Pablo"]
[Result "0-1"]
[WhiteElo "1987"]
[BlackElo "1666"]
[PlyCount "58"]
[EventDate "2017.11.12"]
[EventType "swiss"]
[EventRounds "8"]
[EventCountry "ESP"]
[SourceTitle "EXT 2024"]
[Source "ChessBase"]
[SourceDate "2023.10.10"]
[SourceVersion "1"]
[SourceVersionDate "2023.10.10"]
[SourceQuality "1"]

1. b3 d5 2. Bb2 Nf6 3. e3 c5 4. f4 Bg4 5. Be2 Bxe2 6. Qxe2 e6 7. Nf3 Bd6 8. 0-0 Nc6 9. Na3 Rc8 10. c4 Qe7 11. Nb5 Bb8 12. Ne5 a6 13. cxd5 exd5 14. Nxc6 Rxc6 15. Nc3 0-0 16. Qf3 Qd7 17. Rad1 Ba7 18. Kh1 Re8 19. Ne2 Qg4 20. Ng1 Qf5 21. Rc1 Ne4 22. Qe2 Rh6 23. Nh3 Nf6 24. Bxf6 Rxf6 25. Ng5 Rc6 26. g4 Qd7 27. Rg1 Bb8 28. Qg2 h6 29. Nf3 Ree6 0-1

[Event "Madrid FEDC-ch 25th"]
[Site "Madrid"]
[Date "2016.11.06"]
[Round "1"]
[White "Zanoletty Garcia, David"]
[Black "Losilla Marin, Antonio"]
[Result "1-0"]
[WhiteElo "1995"]
[BlackElo "1615"]
[PlyCount "55"]
[EventDate "2016.11.06"]
[EventType "swiss"]
[EventRounds "8"]
[EventCountry "ESP"]
[SourceTitle "CBM 175 Extra"]
[Source "ChessBase"]
[SourceDate "2016.12.12"]
[SourceVersion "1"]
[SourceVersionDate "2016.12.12"]
[SourceQuality "1"]

1. Nf3 Nf6 2. d4 e6 3. g3 b6 4. Bg2 Bb7 5. 0-0 Be7 6. c4 0-0 7. Nc3 d6 8. Qc2 Nbd7 9. e4 e5 10. d5 a5 11. b3 Rc8 12. Nh4 Re8 13. Nf5 Bf8 14. a3 c6 15. Qe2 Nc5 16. Rb1 cxd5 17. exd5 e4 18. Bg5 h6 19. Be3 Nxd5 20. Nxd5 Bxd5 21. cxd5 Re5 22. b4 Rxf5 23. bxc5 dxc5 24. Bh3 Rxd5 25. Bxc8 Qxc8 26. Rxb6 c4 27. Rfb1 Qe6 28. Rxe6 1-0

[Event "Linares FEDC-ch 24th"]
[Site "Linares"]
[Date "2014.11.19"]
[Round "4"]
[White "Zanoletty Garcia, David"]
[Black "Draghici Flutur, Gavril"]
[Result "0-1"]
[WhiteElo "1996"]
[BlackElo "2164"]
[PlyCount "102"]
[EventDate "2014.11.16"]
[EventType "swiss"]
[EventRounds "8"]
[EventCountry "ESP"]
[SourceTitle "CBM 163 Extra"]
[Source "ChessBase"]
[SourceDate "2014.12.23"]
[SourceVersion "1"]
[SourceVersionDate "2014.12.23"]
[SourceQuality "1"]

1. Nf3 Nf6 2. c4 c5 3. Nc3 Nc6 4. e3 d5 5. cxd5 Nxd5 6. Ne4 e6 7. Be2 Be7 8. 0-0 0-0 9. Qc2 a6 10. a3 b6 11. d4 f5 12. Ned2 Bb7 13. dxc5 Bxc5 14. b4 Be7 15. Bb2 Rc8 16. Qb3 Bf6 17. Nc4 Qc7 18. Rac1 Qb8 19. Rfd1 b5 20. Ncd2 Bxb2 21. Qxb2 Rf6 22. Nf1 Rf7 23. Ng3 Nb6 24. Qb3 Re8 25. Ng5 Rf6 26. Bh5 g6 27. Bf3 Nc4 28. Rd7 h6 29. Qc3 N4e5 30. Rxb7 Qxb7 31. Bxc6 Qxc6 32. Qxc6 Nxc6 33. Rxc6 hxg5 34. Rxa6 Rf7 35. Rb6 Ra7 36. Rxb5 Rxa3 37. h3 Kf7 38. Rb6 Rd8 39. Ne2 e5 40. Rb7+ Kf6 41. b5 Rd1+ 42. Kh2 Rd2 43. Ng3 Rxf2 44. Rb6+ Kf7 45. Rb7+ Kf6 46. Rb6+ Kg7 47. Rb7+ Kh6 48. b6 Raa2 49. Nh5 Rxg2+ 50. Kh1 Rgb2 51. Nf6 Rb1# 0-1

[Event "Linares FEDC-ch 24th"]
[Site "Linares"]
[Date "2014.11.16"]
[Round "1"]
[White "Miramon Borragan, Gustavo"]
[Black "Zanoletty Garcia, David"]
[Result "0-1"]
[WhiteElo "1626"]
[BlackElo "1996"]
[PlyCount "70"]
[EventDate "2014.11.16"]
[EventType "swiss"]
[EventRounds "8"]
[EventCountry "ESP"]
[SourceTitle "CBM 163 Extra"]
[Source "ChessBase"]
[SourceDate "2014.12.23"]
[SourceVersion "1"]
[SourceVersionDate "2014.12.23"]
[SourceQuality "1"]

1. e4 e6 2. Bb5 Qg5 3. Bf1 b6 4. d4 Qg6 5. Nc3 Bb4 6. Nge2 Qxe4 7. Be3 Bb7 8. Ng3 Qg6 9. Bd3 f5 10. 0-0 Bxc3 11. bxc3 Nf6 12. Qe1 0-0 13. Bf4 Nd5 14. Bc1 Qf7 15. c4 Nf6 16. Rb1 Nc6 17. c3 Ba6 18. Qd1 Na5 19. Rb4 d6 20. Re1 Nd7 21. f4 g6 22. Ra4 Rae8 23. Bf1 Rd8 24. c5 Bxf1 25. Nxf1 dxc5 26. dxc5 Nxc5 27. Rd4 Nc6 28. Rxd8 Rxd8 29. Qf3 Na5 30. Qe2 Ne4 31. Bb2 Qd7 32. Ng3 Nc5 33. Ba3 Nab7 34. Qe5 Kf7 35. h4 Nd3 0-1

[Event "IBCA Wch blind 13th"]
[Site "Katerini"]
[Date "2014.05.14"]
[Round "9"]
[White "Zanoletty Garcia, David"]
[Black "Altinok, Kerim Osman"]
[Result "1-0"]
[WhiteElo "2044"]
[BlackElo "1833"]
[PlyCount "75"]
[EventDate "2014.05.05"]
[EventType "swiss"]
[EventRounds "9"]
[EventCountry "GRE"]
[SourceTitle "CBM 160 Extra"]
[Source "ChessBase"]
[SourceDate "2014.07.01"]
[SourceVersion "1"]
[SourceVersionDate "2014.07.01"]
[SourceQuality "1"]

1. d4 d5 2. c4 e6 3. Nc3 Be7 4. Nf3 Nf6 5. cxd5 exd5 6. Bg5 c6 7. Qc2 Nbd7 8. e3 0-0 9. Bd3 Re8 10. 0-0 Nf8 11. Rab1 Ne4 12. Bf4 Nxc3 13. Qxc3 Ne6 14. Bg3 Bd6 15. b4 Bxg3 16. hxg3 a6 17. a4 Qe7 18. Rfc1 Ng5 19. Qc2 Ne4 20. b5 axb5 21. axb5 Bd7 22. bxc6 bxc6 23. Ne5 Rac8 24. Rb7 Red8 25. Bxe4 dxe4 26. Ra1 f6 27. Rxd7 Rxd7 28. Nxd7 Qxd7 29. Qxe4 c5 30. Ra7 Qd8 31. Qe6+ Kh8 32. dxc5 Qd1+ 33. Kh2 Qh5+ 34. Qh3 Qxc5 35. Qg4 g6 36. Rf7 f5 37. Qh4 h5 38. Qf6+ 1-0

[Event "Valladolid Once-ch 23rd"]
[Site "Valladolid"]
[Date "2012.11.18"]
[Round "1"]
[White "Arranz Fraile, Javier"]
[Black "Zanoletty Garcia, David"]
[Result "0-1"]
[WhiteElo "1644"]
[BlackElo "1991"]
[PlyCount "22"]
[EventDate "2012.11.18"]
[EventType "swiss"]
[EventRounds "8"]
[EventCountry "ESP"]
[SourceTitle "CBM 151 Extra"]
[Source "ChessBase"]
[SourceDate "2012.12.18"]
[SourceVersion "1"]
[SourceVersionDate "2012.12.18"]
[SourceQuality "1"]

1. e4 e6 2. d4 d5 3. Nd2 Nf6 4. e5 Nfd7 5. Bd3 c5 6. c3 Nc6 7. Ne2 cxd4 8. cxd4 f6 9. Nf3 fxe5 10. Ng5 Bb4+ 11. Bd2 Qxg5 0-1

[Event "Madrid Oliver Gonzalez Memorial-B 3rd"]
[Site "Madrid"]
[Date "2012.09.06"]
[Round "6"]
[White "Zanoletty Garcia, David"]
[Black "Sacristan Latorre, Alberto"]
[Result "1-0"]
[WhiteElo "1962"]
[BlackElo "2041"]
[PlyCount "106"]
[EventDate "2012.09.01"]
[EventType "swiss"]
[EventRounds "9"]
[EventCountry "ESP"]
[SourceTitle "CBM 150 Extra"]
[Source "ChessBase"]
[SourceDate "2012.10.19"]
[SourceVersion "1"]
[SourceVersionDate "2012.10.19"]
[SourceQuality "1"]

1. d4 Nf6 2. c4 g6 3. Nc3 Bg7 4. Nf3 0-0 5. e4 d6 6. Be2 Nbd7 7. Be3 e5 8. d5 Ne8 9. g4 a5 10. h3 Nc5 11. Qd2 f5 12. gxf5 gxf5 13. Bg5 Nf6 14. exf5 Bxf5 15. Qe3 Qe7 16. Nd4 Bd7 17. Nb3 Nxb3 18. axb3 Qf7 19. 0-0-0 Nh5 20. Bg4 Nf4 21. Rhg1 Kh8 22. Bxd7 Qxd7 23. Rg4 Qf5 24. Kd2 Rf7 25. Ne4 Raf8 26. Rdg1 Ng6 27. Bh6 Qf3 28. Bxg7+ Rxg7 29. R1g3 Qxe3+ 30. fxe3 Rgf7 31. Kd3 Rf3 32. Rxf3 Rxf3 33. Ng5 Rf1 34. Ne6 Rf7 35. h4 Ne7 36. Nxc7 Nf5 37. Ne6 h6 38. Rg6 Kh7 39. h5 Ne7 40. Nd8 Rf5 41. Rxd6 Kg7 42. Nxb7 Rxh5 43. Rd7 Kf6 44. d6 Nf5 45. Rh7 Rh1 46. d7 Kg6 47. Rh8 Rd1+ 48. Ke2 Rxd7 49. Nxa5 h5 50. Nc6 Rb7 51. Nxe5+ Kf6 52. Nf3 Rxb3 53. Rf8+ Ke6 1-0

[Event "Madrid Oliver Gonzalez Memorial-B 3rd"]
[Site "Madrid"]
[Date "2012.09.01"]
[Round "1"]
[White "Folgar Lopez, Angel"]
[Black "Zanoletty Garcia, David"]
[Result "0-1"]
[WhiteElo "1622"]
[BlackElo "1962"]
[PlyCount "60"]
[EventDate "2012.09.01"]
[EventType "swiss"]
[EventRounds "9"]
[EventCountry "ESP"]
[SourceTitle "CBM 150 Extra"]
[Source "ChessBase"]
[SourceDate "2012.10.19"]
[SourceVersion "1"]
[SourceVersionDate "2012.10.19"]
[SourceQuality "1"]

1. d4 d5 2. Nf3 Nf6 3. e3 e6 4. Bd3 c5 5. c3 Bd6 6. 0-0 Nbd7 7. Nbd2 0-0 8. Re1 e5 9. dxe5 Nxe5 10. Nxe5 Bxe5 11. Nf3 Bc7 12. Qc2 Bg4 13. Be2 Ne4 14. g3 Qf6 15. Qd1 Rad8 16. Rf1 Bh3 17. Bd2 Bxf1 18. Bxf1 d4 19. exd4 cxd4 20. Qe2 Nxd2 21. Nxd2 dxc3 22. Ne4 Qe5 23. Nxc3 Qxe2 24. Bxe2 Rd2 25. Rb1 Bb6 26. Kf1 Bd4 27. a3 Re8 28. Ke1 Rxb2 29. Rxb2 Bxc3+ 30. Rd2 Rd8 0-1

[Event "ESP-ch blind 22nd"]
[Site "Benidorm"]
[Date "2010.11.17"]
[Round "4"]
[White "Desanjose Candalija, Eduardo"]
[Black "Zanoletty Garcia, David"]
[Result "1-0"]
[WhiteElo "2264"]
[BlackElo "1998"]
[PlyCount "57"]
[EventDate "2010.11.14"]
[EventType "swiss"]
[EventRounds "8"]
[EventCountry "ESP"]
[SourceTitle "CBM 139 Extra"]
[Source "ChessBase"]
[SourceDate "2011.01.05"]
[SourceVersion "1"]
[SourceVersionDate "2011.01.05"]
[SourceQuality "1"]

1. c4 e6 2. g3 d5 3. Bg2 Nf6 4. Nf3 Nbd7 5. d4 Bb4+ 6. Bd2 Be7 7. 0-0 0-0 8. Qc2 b6 9. cxd5 exd5 10. Bf4 c5 11. Nc3 a6 12. Ne5 Bb7 13. dxc5 Nxc5 14. Rfd1 Ra7 15. Be3 Qc7 16. Nd3 Nce4 17. Rac1 Rc8 18. Qb3 Nc5 19. Nxc5 bxc5 20. Nxd5 Bxd5 21. Bxd5 Nxd5 22. Rxd5 Rb7 23. Qc2 Qc6 24. Rd3 Bf6 25. b3 Rb5 26. Qc4 Bb2 27. Rcd1 h6 28. Rd8+ Kh7 29. Qc2+ 1-0

[Event "ESP-chT2 Once"]
[Site "Fuengirola"]
[Date "2009.11.25"]
[Round "4.1"]
[White "Zanoletty Garcia, David"]
[Black "Salas Rasilla, Concepcion"]
[Result "1-0"]
[WhiteElo "2004"]
[BlackElo "1838"]
[PlyCount "56"]
[EventDate "2009.11.22"]
[EventType "team-tourn"]
[EventRounds "7"]
[EventCountry "ESP"]
[SourceTitle "CBM 133 Extra"]
[Source "ChessBase"]
[SourceDate "2010.01.05"]
[SourceVersion "1"]
[SourceVersionDate "2010.01.05"]
[SourceQuality "1"]

1. Nf3 Nf6 2. b3 d5 3. Bb2 e6 4. e3 Be7 5. c4 c6 6. Be2 Nbd7 7. 0-0 0-0 8. d4 Ne4 9. Ne1 Ndf6 10. c5 h6 11. Nd3 b6 12. Ne5 Bb7 13. f3 Ng5 14. Qc2 Rc8 15. Bd3 Re8 16. Re1 Ngh7 17. Nd2 Nf8 18. Rad1 N8d7 19. b4 Nxe5 20. dxe5 Nd7 21. Nb3 Qc7 22. f4 a5 23. cxb6 Nxb6 24. bxa5 Nc4 25. Bxc4 dxc4 26. Qxc4 c5 27. a6 Ba8 28. Bc3 Red8 1-0

[Event "Collado Villalba op-A 26th"]
[Site "Collado Villalba"]
[Date "2009.08.28"]
[Round "8"]
[White "Benitez Cadenas, Luis Miguel"]
[Black "Zanoletty Garcia, David"]
[Result "0-1"]
[WhiteElo "1754"]
[BlackElo "2014"]
[PlyCount "74"]
[EventDate "2009.08.21"]
[EventType "swiss"]
[EventRounds "9"]
[EventCountry "ESP"]
[SourceTitle "CBM 132 Extra"]
[Source "ChessBase"]
[SourceDate "2009.11.03"]
[SourceVersion "1"]
[SourceVersionDate "2009.11.03"]
[SourceQuality "1"]

1. d4 d5 2. c4 e6 3. Nc3 Be7 4. Bf4 c6 5. e3 Nf6 6. Nf3 0-0 7. c5 Nbd7 8. b4 Nh5 9. Bd3 Nxf4 10. exf4 Re8 11. 0-0 Nf8 12. b5 cxb5 13. Bxb5 Bd7 14. Qa4 Qc7 15. Ne5 Red8 16. Bxd7 Nxd7 17. Nb5 Qb8 18. Rfc1 a6 19. Nc3 Nxe5 20. fxe5 f6 21. f4 g5 22. Ne2 Qc7 23. Rab1 Qd7 24. Qxd7 Rxd7 25. c6 bxc6 26. Rxc6 gxf4 27. Rxe6 fxe5 28. Rxe5 Rf8 29. Rf1 Bf6 30. Re6 Rb7 31. Rxa6 Rb2 32. Re1 Bh4 33. g3 f3 34. gxh4 f2+ 35. Kf1 fxe1Q+ 36. Kxe1 Re8 37. Ra7 Rexe2+ 0-1